书目信息 |
| 题名: |
中西文化融合与交流研究
|
|
| 作者: | 韩静 著 | |
| 分册: | ||
| 出版信息: | 北京 现代出版社 2019.04 |
|
| 页数: | 109页 | |
| 开本: | 21cm | |
| 丛书名: | ||
| 单 册: | ||
| 中图分类: | G04 | |
| 科图分类: | ||
| 主题词: | 比较文化--bi jiao wen hua--研究--中国--西方国家 | |
| 电子资源: | ||
| ISBN: | 978-7-5143-7749-1 | |
| 000 | 00826nam0 2200241 450 | |
| 001 | CAL 0120202962374 | |
| 005 | 20230217093111.0 | |
| 010 | @a978-7-5143-7749-1@dCNY29.80 | |
| 100 | @a20200609d2019 em y0chiy0120 ea | |
| 101 | 0 | @achi |
| 102 | @aCN@b110000 | |
| 105 | @ay a 000yy | |
| 106 | @ar | |
| 200 | 1 | @a中西文化融合与交流研究@Azhong xi wen hua rong he yu jiao liu yan jiu@f韩静著 |
| 210 | @a北京@c现代出版社@d2019.04 | |
| 215 | @a109页@d21cm | |
| 320 | @a有书目 | |
| 330 | @a本书分四章, 跨文化交际概述、文化背景与跨文化交际、跨文化商务交流、跨文化交际策略。内容包括: 文化、交际和语言 ; 跨文化交际 ; 文化因素与跨文化交际等。 | |
| 606 | 0 | @a比较文化@Abi jiao wen hua@x研究@y中国@x西方国家 |
| 690 | @aG04@v5 | |
| 701 | 0 | @a韩静@Ahan jing@4著 |
| 801 | 0 | @aCN@bBJXHZP@c20230228 |
| 905 | @b1398361-4@dG04@e151@f4 | |
| 中西文化融合与交流研究/韩静著.-北京:现代出版社,2019.04 |
| 109页;21cm |
| ISBN 978-7-5143-7749-1:CNY29.80 |
| 本书分四章, 跨文化交际概述、文化背景与跨文化交际、跨文化商务交流、跨文化交际策略。内容包括: 文化、交际和语言 ; 跨文化交际 ; 文化因素与跨文化交际等。 |
| ● |
| 相关链接 |
|
|
|
|
正题名:中西文化融合与交流研究
索取号:G04/151
 
预约/预借
| 序号 | 登录号 | 条形码 | 馆藏地/架位号 | 状态 | 备注 |
| 1 | 1398361 | 213983616 | 第一样本阅览室/ [索取号:G04/151] | 在馆 | |
| 2 | 1398362 | 213983625 | 第四借阅区/ [索取号:G04/151] | 在馆 | |
| 3 | 1398363 | 213983634 | 第四借阅区/ [索取号:G04/151] | 在馆 | |
| 4 | 1398364 | 213983643 | 第四借阅区/ [索取号:G04/151] | 在馆 |